01411nam a2200373Ia 4500001001200000003000800012006001900020007001500039008004100054020001500095020001800110020001800128040002100146035002100167050002600188100001800214245007400232246002600306250002700332260006400359300001900423490004100442504006000483533015200543650002800695650003400723650002800757650003300785655002900818710001700847830003000864856012600894999001701020ebr10266327CaPaEBRm u cr cn|||||||||080311s2007 txua sb 001 0 eng d z1590958195 z9781590958193 z9781590958070 aCaPaEBRcCaPaEBR a(OCoLC)64678470014aTS2301.A7bJ38 2007eb1 aJaves, Carol.10aLearn multimedia managementh[electronic resource] /cby Carol Javes.30aMultimedia management a1st North American ed. aFriendswood, Tex :bTotalRecall Publications, Inc.,cc2007. a146 p. :bill.1 aLibrary education series,x1328-1909 aIncludes bibliographical references (p. 143) and index. aElectronic reproduction.bPalo Alto, Calif. :cebrary,d2011.nAvailable via World Wide Web.nAccess may be limited to ebrary affiliated libraries. 0aAudio-visual equipment. 0aAudio-visual library service. 0aAudio-visual materials. 0aMultimedia library services. 7aElectronic books.2local2 aebrary, Inc. 0aLibrary education series.40uhttp://site.ebrary.com/lib/rucke/Doc?id=10266327zAn electronic book accessible through the World Wide Web; click to view c10568d10568